| 000 | 00519nam a2200181Ia 4500 | ||
|---|---|---|---|
| 001 | 8963 | ||
| 005 | 20260306160648.0 | ||
| 008 | 260306t2014||||xx |||||||||||||| ||spa|| | ||
| 041 | _aESP | ||
| 082 |
_a372.1 _bS747 |
||
| 100 |
_aSistema Nacional de Evaluación, Acreditación y Certificación de la Calidad Educativa _eAUT |
||
| 245 | 0 | _aEducación emprendedora en la educación básica regular | |
| 260 | _c2014 | ||
| 300 |
_a104 páginas : _c24 cm. |
||
| 650 | _aGEN | ||
| 654 | _aCED | ||
| 942 |
_cLIB _dJUS _fJUS _2ddc _n |
||
| 999 |
_c8963 _d8963 |
||